LEADER 01114cam0-22003251i-450- 001 990007843740403321 005 20031210144516.0 010 $a88-495-0378-4 035 $a000784374 035 $aFED01000784374 035 $a(Aleph)000784374FED01 035 $a000784374 100 $a20031210d2003----km-y0itay50------ba 101 0 $aita 102 $aIT 105 $ay---n---001yy 200 1 $aCodice di procedura penale$elegislazione sui minori e sul giudice di pace, annotazioni di giurisprudenza costituzionale$fa cura di Giuseppe Riccio e Sergio Marotta 210 $aNapoli$cEdizioni Scientifiche Italiane$dc2003 215 $a768 p.$d21 cm$eapp. 225 1 $aBiblioteca di diritto processuale$v14 300 $aIn app.: Le norme approvate il 10.6.2003 sul c.d. patteggiamento allargato e il 18.6.2003 sul c.d. lodo Maccanico. 702 1$aMarotta,$bSergio 702 1$aRiccio,$bGiuseppe 801 0$aIT$bUNINA$gRICA$2UNIMARC 901 $aBK 912 $a990007843740403321 952 $a6-153$b3778$fDSPCP 959 $aDSPCP 996 $aCodice di procedura penale$9287430 997 $aUNINA LEADER 01540nam 2200433 450 001 9910574079203321 005 20221213101459.0 010 $a9783030543006$b(electronic bk.) 010 $z9783030542993 035 $a(MiAaPQ)EBC7002627 035 $a(Au-PeEL)EBL7002627 035 $a(CKB)23031081800041 035 $aEBL7002627 035 $a(AU-PeEL)EBL7002627 035 $a(PPN)26914840X 035 $a(EXLCZ)9923031081800041 100 $a20221213d2022 uy 0 101 0 $aeng 135 $aurcnu|||||||| 181 $ctxt$2rdacontent 182 $cc$2rdamedia 183 $acr$2rdacarrier 200 10$aOrthodontic-surgical partnership in cleft lip and palate treatment $eachieving good occlusion, facial aesthetics, speech and psychosocial development /$fSamuel Berkowitz 210 1$aCham, Switzerland :$cSpringer,$d[2022] 210 4$dİ2022 215 $a1 online resource (272 pages) 300 $aDescription based upon print version of record. 311 08$aPrint version: Berkowitz, Samuel Orthodontic-Surgical Partnership in Cleft Lip and Palate Treatment Cham : Springer International Publishing AG,c2022 9783030542993 320 $aIncludes bibliographical references. 606 $aSurgery 615 0$aSurgery. 676 $a605 700 $aBerkowitz$b Samuel$f1928-$01271319 801 0$bMiAaPQ 801 1$bMiAaPQ 801 2$bMiAaPQ 912 $a9910574079203321 996 $aOrthodontic-surgical partnership in cleft lip and palate treatment$92994704 997 $aUNINA LEADER 02379oas 2200961 a 450 001 9910147034903321 005 20251104213014.0 011 $a1432-0894 035 $a(DE-599)ZDB1471747-5 035 $a(DE-599)1471747-5 035 $a(OCoLC)41210560 035 $a(CONSER) 2001229174 035 $a(CKB)954925568800 035 $a(EXLCZ)99954925568800 100 $a19990420a19869999 sy a 101 0 $aeng 135 $aurcnu|||||||| 181 $ctxt$2rdacontent 182 $cc$2rdamedia 183 $acr$2rdacarrier 200 10$aClimate dynamics 210 $aBerlin ;$a[Heidelberg] $cSpringer$d[1986-] 300 $aRefereed/Peer-reviewed 300 $a"Observational, theoretical and computational research on the climate system." 300 $aTitle from journal information screen (viewed Mar. 15, 2007). 311 08$a0930-7575 606 $aMeteorology$vPeriodicals 606 $aClimatology$vPeriodicals 606 $aMe?te?orologie$vPe?riodiques 606 $aClimatologie$vPe?riodiques 606 $aWeather & Climate$2ebps 606 $aClimatology$2fast$3(OCoLC)fst00864281 606 $aMeteorology$2fast$3(OCoLC)fst01018441 608 $aPeriodical. 608 $aperiodicals.$2aat 608 $aPeriodicals.$2fast 608 $aPeriodicals.$2lcgft 608 $aPe?riodiques.$2rvmgf 615 0$aMeteorology 615 0$aClimatology 615 6$aMe?te?orologie 615 6$aClimatologie 615 7$aWeather & Climate. 615 7$aClimatology. 615 7$aMeteorology. 676 $a551.505 801 0$bDLM 801 1$bDLM 801 2$bOCL 801 2$bFUG 801 2$bOCLCQ 801 2$bMUQ 801 2$bOCL 801 2$bAGL 801 2$bOCLCQ 801 2$bUKMGB 801 2$bOCLCQ 801 2$bOCLCO 801 2$bOCLCQ 801 2$bOCLCF 801 2$bOCLCO 801 2$bOCLCQ 801 2$bOCLCA 801 2$bWT2 801 2$bDLC 801 2$bCAI 801 2$bAU@ 801 2$bVT2 801 2$bNJT 801 2$bSFB 801 2$bOCLCQ 801 2$bUEJ 801 2$bSRU 801 2$bVLY 801 2$bUBY 801 2$bOCLCO 801 2$bOCLCQ 801 2$bB6U 801 2$bOCLCQ 906 $aJOURNAL 912 $a9910147034903321 996 $aClimate dynamics$91974947 997 $aUNINA